000 00646nam a2200277Ia 4500
005 20260324145520.0
008 008 260324s9999 xx 000 0 eng d
020 _a9781315512372
037 _aEBOOK
040 _aCRL
040 _beng
040 _cCRL
041 _2eng
041 _aeng
084 _qCRL
100 _aMichael Kubovy; James R. Pomerantz
_91223232
245 0 _aPerceptual Organization
260 _bTaylor and Francis
260 _c1981
365 _a
365 _b300
856 _uhttp://www.taylorfrancis.com/books/9781315512372
942 _cEBOOK
999 _c1831256
_d1831256